| 000 | 01629cam a2200397 a 4500 | ||
|---|---|---|---|
| 001 | 3523027 | ||
| 003 | OSt | ||
| 005 | 20140310181636.0 | ||
| 008 | 960123s1996 caua b 001 0 eng | ||
| 010 | _a 96004476 | ||
| 020 | _a0803963858 (cloth : alk. paper) | ||
| 020 | _a0803963866 (pbk. : alk. paper) | ||
| 040 |
_aDLC _cDLC _dDLC |
||
| 043 | _an-us--- | ||
| 050 | 0 | 0 |
_aLB 1031 _b.Ar678 1996 |
| 082 | 0 | 0 |
_aTR 371.39 _bAr31 1996 |
| 100 | 1 |
_aAreglado, Ronald J. _9128 |
|
| 245 | 1 | 0 |
_aLearning for life : _bcreating classrooms for self-directed learning / _cRonald J. Areglado, R.C. Bradley, Pamela S. Lane. |
| 260 |
_aThousand Oaks, Ca. : _bCorwin Press, _cc1996. |
||
| 300 |
_axv, 168 p. : _bill. ; _c24 cm. |
||
| 521 | _aFaculty | ||
| 541 | _j1 | ||
| 562 | _eFor circulation. 1 copy in the collection | ||
| 650 | 0 |
_aIndividualized instruction _zUnited States. _9129 |
|
| 650 | 0 |
_aLearning, Psychology of. _923 |
|
| 650 | 0 |
_aClassroom management _zUnited States. _9130 |
|
| 650 | 0 |
_aSchool management and organization _zUnited States. _9131 |
|
| 650 | 0 |
_aSelf-culture _zUnited States. _9132 |
|
| 700 | 1 |
_aBradley, R. C. _9133 |
|
| 700 | 1 |
_aLane, Pamela S. _9134 |
|
| 856 | 4 | 2 |
_3Publisher description _uhttp://www.loc.gov/catdir/enhancements/fy0655/96004476-d.html |
| 856 | 4 | 1 |
_3Table of contents only _uhttp://www.loc.gov/catdir/enhancements/fy0655/96004476-t.html |
| 906 |
_a7 _bcbc _corignew _d1 _eocip _f19 _gy-gencatlg |
||
| 942 |
_2lcc _cBK-TR _kTR |
||
| 999 |
_c709 _d709 |
||